000 00849nam a2200253 i 4500
005 20260302164013.0
008 260211t20242024si a ar 000 1 eng d
020 _a9780646893624
_cRM75.00
_qhardback
040 _aPPAK
_beng
_cPPAK
_erda
082 0 4 _223
_a428.6
090 0 0 _a428.6
_bWIJ
_dK
100 1 _aWijay, Di,
_eauthor.
245 1 0 _aMONSTER that ate ANGER /
_cDi Wijay ; Illustrator: Sri Wick
264 1 _a[Place of publication not identified] :
_b[Publisher not identified],
_c2024
264 4 _c©2024
300 _a17 pages :
_bcolor illustrations ;
_c27 cm
336 _atext
_2rdacontent
337 _aunmediated
_2rdamedia
338 _avolume
_2rdacarrier
650 1 0 _aReaders
650 2 0 _aEnglish language
_vReaders
_vJuvenile fiction
700 1 _aWick, Sri,
_eeditor.
942 _2ddc
_cB
999 _c203054
_d203054